00700nam a2200241 a 4500001001300000003000900013005001700022008004100039020001000080082002000090100001700110245003100127260003300158300000900191500003500200505003100235650002200266700001700288902000800305942000700313952012100320999001700441nice12345678IN_TiNIC20260116013344.0050524s1997 dela grp 000 0 eng  ac20000a909.097671bIQB aIqbal, Afzal aContemporary Muslim Nworld aDelhibAdam Publishersc1997 a485p aincludes index and biblioraphy2 aNotes, Bibliography, Index aIslamic-Countries1 aIqbal, Afzal bSRS cBK 001040708StackRoom-aHMIbHMId2007-06-05g200.00l0o909.097671 IQBp018497r2007-06-05v200.00w2005-05-24yBK c10683d10683